Statistiques concernant États de la rivière Mississippi

Cliquez ici pour prendre le quiz!

Statistiques générales

  • Ce quiz a été pris 3,256 fois
  • Le résultat moyen est 8 sur 10

Statistiques - réponses

États % Correct
Mississippi
95%
Louisiane
90%
Missouri
82%
Illinois
82%
Tennessee
78%
Kentucky
78%
Arkansas
77%
Iowa
76%
Wisconsin
72%
Minnesota
71%

Distribution des résultats

Percentile by Number Answered

% des personnes avec chaque résultat

Votre développement - résultats

Vous n’avez pas pris ce quiz